Wirtschafts-politische beziehungen zwischen Russland und Deutchland; Экономика России в XXI веке; Т. 2

Bibliografiske detaljer
Parent link:Экономика России в XXI веке: сборник научных трудов XI Международной научно-практической конференции "Экономические науки и прикладные исследования: фундаментальные проблемы модернизации экономики России", посвященной 110-летию экономического образования в Томском политехническом университете, г. Томск, 18-22 ноября 2014 г./ Национальный исследовательский Томский политехнический университет (ТПУ) ; ред. кол. Г. А. Барышева [и др.].— , 2014
Т. 2.— 2014.— [С. 421-425]
Hovedforfatter: Iljina A.
Institution som forfatter: Национальный исследовательский Томский политехнический университет
Andre forfattere: Tarasova L. V. Liliya Viktorovna (научный руководитель), Stanko M.
Summary:Заглавие с титульного экрана
Die moderne Etappe der Entwicklung der russisch-deutschen Beziehungen wird mit dem hohen Streben zur beiderseitig vorteilhaften wirtschaftlichen Zusammenarbeit und dem Fortschritt charakterisiert. Jedoch hat tragisch die vorhandene Lage in der Ukraine den negativen Einfluss auf die zweiseitigen Beziehungen in verschiedenen wirtschaftlichen Sphären geleistet. Am meisten merklich hat sich die Außenhandels- und Anlageaktivität Deutschlands auf dem Territorium der Russischen Föderation verringert.
Sprog:tysk
Udgivet: 2014
Serier:ˆActual problems of transformation of socio-economic systems
Fag:
Online adgang:http://www.lib.tpu.ru/fulltext/c/2014/C40/V2/086.pdf
Format: MixedMaterials Electronisk Book Chapter
KOHA link:https://koha.lib.tpu.ru/cgi-bin/koha/opac-detail.pl?biblionumber=610420

MARC

LEADER 00000naa2a2200000 4500
001 610420
005 20260403093006.0
035 |a (RuTPU)RU\TPU\conf\8026 
035 |a RU\TPU\conf\8025 
090 |a 610420 
100 |a 20150122d2014 k||y0rusy50 ba 
101 0 |a ger 
102 |a RU 
135 |a drgn ---uucaa 
181 0 |a i  
182 0 |a b 
200 1 |a Wirtschafts-politische beziehungen zwischen Russland und Deutchland  |f A. Iljina, L. V. Tarasova  |g wiss. Ber. M. Stanko 
203 |a Текст  |c электронный 
225 1 |a ˆActual problems of transformation of socio-economic systems 
300 |a Заглавие с титульного экрана 
320 |a [Библиогр.: с. 425 (5 назв.)] 
330 |a Die moderne Etappe der Entwicklung der russisch-deutschen Beziehungen wird mit dem hohen Streben zur beiderseitig vorteilhaften wirtschaftlichen Zusammenarbeit und dem Fortschritt charakterisiert. Jedoch hat tragisch die vorhandene Lage in der Ukraine den negativen Einfluss auf die zweiseitigen Beziehungen in verschiedenen wirtschaftlichen Sphären geleistet. Am meisten merklich hat sich die Außenhandels- und Anlageaktivität Deutschlands auf dem Territorium der Russischen Föderation verringert. 
337 |a Adobe Reader 
461 1 |0 (RuTPU)RU\TPU\conf\7533  |t Экономика России в XXI веке  |o сборник научных трудов XI Международной научно-практической конференции "Экономические науки и прикладные исследования: фундаментальные проблемы модернизации экономики России", посвященной 110-летию экономического образования в Томском политехническом университете, г. Томск, 18-22 ноября 2014 г.  |o в 2 т.  |f Национальный исследовательский Томский политехнический университет (ТПУ) ; ред. кол. Г. А. Барышева [и др.]  |d 2014 
463 0 |0 (RuTPU)RU\TPU\conf\7539  |t Т. 2  |v [С. 421-425]  |d 2014 
610 1 |a труды учёных ТПУ 
610 1 |a электронный ресурс 
610 1 |a экономические отношения 
610 1 |a политические отношения 
610 1 |a Россия 
610 1 |a Германия 
610 1 |a российско-германские отношения 
610 1 |a экономическое сотрудничество 
610 1 |a внешняя торговля 
610 1 |a инвестиционная деятельность 
700 1 |a Iljina  |b A. 
701 1 |a Tarasova  |b L. V.  |c linguist  |c Associate Professor of Tomsk Polytechnic University, Candidate of pedagogical sciences  |f 1961-  |g Liliya Viktorovna  |3 (RuTPU)RU\TPU\pers\32308 
702 1 |a Stanko  |b M.  |4 727 
712 0 2 |a Национальный исследовательский Томский политехнический университет  |c (2009- )  |9 26305 
801 2 |a RU  |b 63413507  |c 20150123  |g RCR 
850 |a 63413507 
856 4 |u http://www.lib.tpu.ru/fulltext/c/2014/C40/V2/086.pdf 
942 |c BK